00474nam a2200145Ia 4500082002100000100001900021245007100040260004000111300001000151440003400161504001900195650004300214650002700257650004400284 a398.095414 MAZ-; aMazharul Islam 0aFolklore the pulse of the people: in the context of Indic folklore aNew DelhibConcept Publishingc1985 a430p. aRanchi Anthropology Series; 7 aIncludes index aFolklore - Structural analysis - India aFolk literature, Indic aNational socialism and folklore - India